01918nam a2200253 a 4500001000200000003000900002005001700011007000200028008004100030020001500071040002200086082002800108245011500136250001300251260004500264300002500309500007000334505108600404650003001490650002501520700003901545700004301584710003701627 DO-SdBNP20220822134732.0 131007s2004 dr ab 001 0 spa d a999347911X aBPMSUbspacBPMSU 4a616.025bB333u 200422210a Urgencias Médicas /ceditor Guarocuya Batista del Villar;colaboradores Freddy Aybar Villarroel...¨[et.al] a5a. ed.  aSanto Domingo :b Editora Búho, c2004 a1102 p. ;c21 cm.b  aIncluye datos biográficos del autor en la solapa de la cubierta0 aVOLUMEN 2 -- Trastornos abdominales : hemorragia digestiva alta 650 -- Abdomen agudo no quirúrgico 675 -- Trastornos nefrourológicos : insuficiencia renal aguda 697 -- Cólico nefrítico 713 -- Trastornos endocrinos : los comas metabólicos del paciente diabético 723 -- Hipoglicemia 746 -- Insuficiencia suprarrenal y crisis adrenal aguda 761 -- Crisis tirotóxica 772 -- Urgencias obstétricas 788 -- Urgencias pediátricas : deshidratación aguda 834 -- Diarrea infeccionsa aguda del lactante 850 -- Fiebre en la edad pediátrica 864 -- Convulsiones en el niño 903 -- Enfermedades respiraorias del recién nacido 917 -- Urgencias cardíacas del lactante y del niño 934 -- Accidentes e intoxicaciones en niños 969 -- Urgencias pediátricas menos frecuentes 984 -- La fiebre de origen desconocido, ¿Una urgencia médica? 998 -- Coagulación intravascular diseminada 1008 -- Alteraciones del equilibrio hidromineral y ácido básico 1033 -- Algunas imágenes en urgencias-II 1080 -- Algunos valores de laboratorios normales : química sanguínea 1095 4aUrgencias médicasz x  4aPrimeros auxilios | 1 aBatista del Villar, Guarocuyaeed.1 a Freddy Aybar Villarroelecolaborador 2 aAsociación Médica Dominicana